| 000 | 00740cam a2200217 4500 | ||
|---|---|---|---|
| 001 | WB3546-20 | ||
| 008 | 000000n1999 000 0 eng u | ||
| 035 | _a(Sirsi) u102365 | ||
| 245 | _aCall to limit phone masts | ||
| 260 | _c1999 | ||
| 490 |
_aScotsman _v18 November 1999, 4(2) |
||
| 520 | _aConsiders whether the increasing number of mobile phone radio masts pose a real threat to public safety. The National Radiological Protection Board claims that radiation levels are within acceptable limits. | ||
| 590 | _aWB | ||
| 650 | _aNATIONAL RADIOLOGICAL PROTECTION BOARD | ||
| 650 | _aRADIO MASTS | ||
| 650 | _aRADIATION | ||
| 650 | _aHEALTH HAZARDS | ||
| 650 | _aMOBILE PHONES | ||
| 690 | _aECONOMIC AND SOCIAL | ||
| 942 | _n0 | ||
| 999 |
_c61386 _d61386 |
||